[Event "CFriend AC-2003-S-00007 email"]
[Site "Chessfriend.com"]
[Date "2004.12.01"]
[Round "1"]
[White "Hauschild, Achim"]
[Black "Morozova, Olga"]
[Result "0-1"]
[WhiteElo "1791"]
[BlackElo "2014"]
[PlyCount "50"]
[EventDate "2004.??.??"]
[EventType "tourn (corr)"]
[EventRounds "6"]
[SourceTitle "Corr 2024"]
[Source "ChessBase"]
[SourceDate "2023.10.19"]
[SourceVersion "1"]
[SourceVersionDate "2023.10.19"]
[SourceQuality "1"]

1. c4 e5 2. Nc3 Bb4 3. Nd5 Bc5 4. b4 Bf8 5. a3 c6 6. Nc3 c5 7. Nf3 cxb4 8. axb4 Bxb4 9. Nd5 Bd6 10. d4 Nc6 11. c5 Nge7 12. Bg5 f6 13. Bxf6 gxf6 14. Nxf6+ Kf7 15. cxd6 Kxf6 16. dxe5+ Kg7 17. dxe7 Qxe7 18. e3 Nxe5 19. Qd4 d6 20. Nd2 Kh6 21. Bc4 Rf8 22. 0-0 Nc6 23. Qc3 Be6 24. Bxe6 Qxe6 25. Ra4 Qe7 0-1

[Event "CFriend AC-2003-S-00007 email"]
[Site "Chessfriend.com"]
[Date "2004.12.01"]
[Round "1"]
[White "Neuer, Thomas"]
[Black "Morozova, Olga"]
[Result "1-0"]
[WhiteElo "2311"]
[BlackElo "2014"]
[PlyCount "91"]
[EventDate "2004.??.??"]
[EventType "tourn (corr)"]
[EventRounds "6"]
[SourceTitle "Corr 2024"]
[Source "ChessBase"]
[SourceDate "2023.10.19"]
[SourceVersion "1"]
[SourceVersionDate "2023.10.19"]
[SourceQuality "1"]

1. e4 e5 2. Nf3 Nf6 3. Nxe5 d6 4. Nf3 Nxe4 5. d4 d5 6. Bd3 Bd6 7. 0-0 0-0 8. c4 c6 9. Qc2 Na6 10. Bxe4 dxe4 11. Qxe4 Re8 12. Qd3 Bg4 13. Bg5 f6 14. Bh4 Qd7 15. Nbd2 Nc5 16. Qc2 Ne6 17. Qa4 g5 18. c5 b5 19. Qb3 Bf4 20. Bg3 Kg7 21. d5 Qxd5 22. Qxd5 cxd5 23. Bxf4 Nxf4 24. Nd4 Bh5 25. N2b3 a6 26. f3 Nd3 27. Nf5+ Kf8 28. Rad1 Nxb2 29. Rxd5 Nc4 30. Nbd4 Bf7 31. Rd7 Red8 32. Rb7 Rab8 33. Rxb8 Rxb8 34. f4 gxf4 35. Rxf4 Re8 36. Nd6 Re5 37. Ne4 Bd5 38. Nxf6 Ke7 39. g4 Ba8 40. c6 Kd6 41. Nxh7 Re1+ 42. Kf2 Re8 43. g5 Ne5 44. Kg3 Nxc6 45. Rf6+ Kd5 46. Nxc6 1-0

[Event "CFriend AT-2004-0-00137 email"]
[Site "Chessfriend.com"]
[Date "2004.09.16"]
[Round "1"]
[White "Morozova, Olga"]
[Black "Simon, Holger"]
[Result "1/2-1/2"]
[WhiteElo "2014"]
[BlackElo "2167"]
[PlyCount "48"]
[EventDate "2004.??.??"]
[EventType "tourn (corr)"]
[EventRounds "2"]
[SourceTitle "Corr 2024"]
[Source "ChessBase"]
[SourceDate "2023.10.19"]
[SourceVersion "1"]
[SourceVersionDate "2023.10.19"]
[SourceQuality "1"]

1. c4 e5 2. Nc3 Nf6 3. Nf3 Nc6 4. g3 d5 5. cxd5 Nxd5 6. Bg2 Nb6 7. 0-0 Be7 8. b3 0-0 9. d3 Be6 10. Bb2 f5 11. Qd2 Bf6 12. e4 f4 13. Ba3 Rf7 14. Bb2 Bg4 15. Ne2 Qd7 16. d4 fxg3 17. d5 Bxf3 18. Bxf3 gxh2+ 19. Kxh2 Nd4 20. Bg2 Qg4 21. Nxd4 exd4 22. f4 Re8 23. Bh3 Qh5 24. Qg2 a5 1/2-1/2

[Event "CFriend AT-2004-0-00138 email"]
[Site "Chessfriend.com"]
[Date "2004.09.16"]
[Round "1"]
[White "Morozova, Olga"]
[Black "Simon, Holger"]
[Result "1/2-1/2"]
[WhiteElo "2014"]
[BlackElo "2167"]
[PlyCount "82"]
[EventDate "2004.??.??"]
[EventType "tourn (corr)"]
[EventRounds "2"]
[SourceTitle "Corr 2024"]
[Source "ChessBase"]
[SourceDate "2023.10.19"]
[SourceVersion "1"]
[SourceVersionDate "2023.10.19"]
[SourceQuality "1"]

1. c4 Nf6 2. Nc3 g6 3. Nf3 Bg7 4. d4 d6 5. e4 0-0 6. Be2 e5 7. dxe5 dxe5 8. 0-0 Nbd7 9. Bg5 c6 10. Qd6 Re8 11. Bh4 Bf8 12. Qd2 Qc7 13. a3 Nh5 14. Rab1 Nf4 15. b4 a5 16. h3 axb4 17. axb4 Ra3 18. Rfe1 Nxe2+ 19. Nxe2 b6 20. Bg5 f6 21. Be3 Qd6 22. Qb2 Ra8 23. Nc3 Qe6 24. Nd2 f5 25. exf5 gxf5 26. Qc2 Qf7 27. f3 Re6 28. Na4 f4 29. Bf2 Rg6 30. Kh2 Qg7 31. Rg1 Rb8 32. Ne4 Kh8 33. b5 Bb7 34. Rbd1 cxb5 35. cxb5 Rc8 36. Qe2 Rc7 37. Nac3 Nf6 38. Nxf6 Qxf6 39. Nd5 Bxd5 40. Rxd5 Re7 41. Rd8 Kg7 1/2-1/2

[Event "CFriend AH-2003-0-00005 email"]
[Site "Chessfriend.com"]
[Date "2003.09.19"]
[Round "1"]
[White "Gengler, Pierre"]
[Black "Morozova, Olga"]
[Result "0-1"]
[WhiteElo "2173"]
[BlackElo "2000"]
[PlyCount "20"]
[EventDate "2003.??.??"]
[EventType "tourn (corr)"]
[EventRounds "12"]
[SourceTitle "Corr 2008"]
[Source "ChessBase"]
[SourceDate "2008.06.24"]
[SourceVersion "1"]
[SourceVersionDate "2008.06.24"]
[SourceQuality "1"]

1. e4 e5 2. Nf3 Nf6 3. Nxe5 d6 4. Nf3 Nxe4 5. Bd3 Nc5 6. Be2 Ne6 7. 0-0 d5 8. d4 Bd6 9. c4 c6 10. Nc3 0-0 0-1

[Event "CFriend AH-2003-0-00005 email"]
[Site "Chessfriend.com"]
[Date "2003.09.19"]
[Round "1"]
[White "Jordan, Juergen"]
[Black "Morozova, Olga"]
[Result "1-0"]
[WhiteElo "2236"]
[BlackElo "2014"]
[PlyCount "127"]
[EventDate "2003.??.??"]
[EventType "tourn (corr)"]
[EventRounds "12"]
[SourceTitle "Corr 2024"]
[Source "ChessBase"]
[SourceDate "2023.10.19"]
[SourceVersion "1"]
[SourceVersionDate "2023.10.19"]
[SourceQuality "1"]

1. e4 e5 2. Nf3 Nf6 3. Nxe5 d6 4. Nf3 Nxe4 5. Nc3 Nxc3 6. dxc3 Be7 7. Bd3 Nd7 8. Be3 c6 9. 0-0 0-0 10. Re1 d5 11. c4 Nf6 12. h3 dxc4 13. Bxc4 Bf5 14. Qxd8 Rfxd8 15. c3 Re8 16. Rad1 Be4 17. Ne5 Bd5 18. Bd4 Bf8 19. Bxd5 Nxd5 20. Nd7 Be7 21. c4 Nf4 22. Kf1 Ng6 23. g3 Red8 24. Bc3 f6 25. f4 Kf7 26. f5 Nf8 27. Nxf8 Bxf8 28. a4 Bd6 29. Kf2 Rd7 30. Kf3 Rad8 31. Re2 Bc5 32. Red2 Ke7 33. Rxd7+ Rxd7 34. Rxd7+ Kxd7 35. g4 Bd6 36. b4 b6 37. b5 h6 38. h4 Be7 39. Ke4 Bf8 40. Bd4 Be7 41. g5 h5 42. g6 Kd6 43. Bc3 Kd7 44. a5 Bf8 45. a6 Kc7 46. c5 cxb5 47. cxb6+ Kxb6 48. Kd5 b4 49. Bb2 b3 50. Ke6 Kxa6 51. Kf7 Bd6 52. Kxg7 Kb5 53. Kxf6 Ka4 54. g7 Ba3 55. Bxa3 Kxa3 56. g8Q b2 57. Qa8 b1N 58. Qxa7+ Kb3 59. Qb6+ Kc2 60. Qxb1+ Kxb1 61. Ke5 Kc1 62. f6 Kd2 63. Kd4 Kc2 64. f7 1-0

[Event "CFriend AH-2003-0-00005 email"]
[Site "Chessfriend.com"]
[Date "2003.09.19"]
[Round "1"]
[White "Morozova, Olga"]
[Black "Munoz, Lazaro"]
[Result "1-0"]
[WhiteElo "2000"]
[BlackElo "1701"]
[PlyCount "47"]
[EventDate "2003.??.??"]
[EventType "tourn (corr)"]
[EventRounds "12"]
[SourceTitle "Corr 2008"]
[Source "ChessBase"]
[SourceDate "2008.06.24"]
[SourceVersion "1"]
[SourceVersionDate "2008.06.24"]
[SourceQuality "1"]

1. d4 f5 2. c4 e6 3. Bf4 Nf6 4. e3 Bb4+ 5. Nc3 0-0 6. Nge2 b6 7. a3 Bxc3+ 8. Nxc3 Bb7 9. d5 exd5 10. cxd5 d6 11. Bd3 g6 12. 0-0 Nbd7 13. Rc1 Ne5 14. Bb1 Qd7 15. Qd4 Rae8 16. Bh6 Rf7 17. Bg5 Kg7 18. Bc2 a6 19. f4 Neg4 20. e4 c5 21. dxc6 Qxc6 22. b4 Rc8 23. Bb3 Rfc7 24. h3 1-0

[Event "CFriend AH-2003-0-00005 email"]
[Site "Chessfriend.com"]
[Date "2003.09.19"]
[Round "1"]
[White "Morozova, Olga"]
[Black "Ruijgrok, Dennis"]
[Result "1/2-1/2"]
[WhiteElo "2000"]
[BlackElo "2365"]
[PlyCount "91"]
[EventDate "2003.??.??"]
[EventType "tourn (corr)"]
[EventRounds "12"]
[SourceTitle "Corr 2008"]
[Source "ChessBase"]
[SourceDate "2008.06.24"]
[SourceVersion "1"]
[SourceVersionDate "2008.06.24"]
[SourceQuality "1"]

1. d4 d5 2. c4 c6 3. Nc3 Nf6 4. Nf3 a6 5. cxd5 cxd5 6. Bf4 Nc6 7. Ne5 e6 8. Nxc6 bxc6 9. e3 c5 10. Be2 cxd4 11. Qa4+ Bd7 12. Qxd4 Qa5 13. Be5 Bc5 14. Qh4 Be7 15. 0-0 0-0 16. Bd3 h6 17. f4 Bb5 18. Nxb5 axb5 19. Qg3 b4 20. f5 Qb6 21. Bc7 Qa7 22. fxe6 fxe6 23. Be5 Rac8 24. Rf3 b3 25. Qg6 bxa2 26. Rg3 Rf7 27. Bxf6 Rc1+ 28. Rxc1 Bxf6 29. Rc8+ Rf8 30. Qh7+ Kf7 31. Rxg7+ Bxg7 32. Bg6+ Kf6 33. Rxf8+ Ke5 34. Rf1 a1Q 35. Rxa1 Qxa1+ 36. Bb1 Qa7 37. Qd3 d4 38. Kf2 dxe3+ 39. Qxe3+ Qxe3+ 40. Kxe3 Kd5 41. Ba2+ Kc5 42. b4+ Kxb4 43. Bxe6 Bb2 44. Kd3 Bc1 45. Ke2 Ka3 46. g3 1/2-1/2

[Event "CFriend AH-2003-0-00005 email"]
[Site "Chessfriend.com"]
[Date "2003.09.19"]
[Round "1"]
[White "Steenbekkers, Franck"]
[Black "Morozova, Olga"]
[Result "1-0"]
[WhiteElo "2227"]
[BlackElo "2014"]
[PlyCount "117"]
[EventDate "2003.??.??"]
[EventType "tourn (corr)"]
[EventRounds "12"]
[SourceTitle "Corr 2024"]
[Source "ChessBase"]
[SourceDate "2023.10.19"]
[SourceVersion "1"]
[SourceVersionDate "2023.10.19"]
[SourceQuality "1"]

1. e4 e5 2. Nf3 Nf6 3. Nxe5 d6 4. Nf3 Nxe4 5. d4 d5 6. Bd3 Nc6 7. 0-0 Be7 8. c4 Nb4 9. Be2 dxc4 10. Bxc4 0-0 11. Nc3 Nd6 12. Bb3 Nc6 13. d5 Na5 14. Bc2 Bf6 15. Re1 Bg4 16. h3 Bh5 17. Ne4 Re8 18. Nxd6 cxd6 19. Bxh7+ Kh8 20. Rxe8+ Qxe8 21. Bd3 b5 22. Rb1 Nc4 23. g4 Bg6 24. b3 Ne5 25. Nxe5 Bxe5 26. Bxg6 fxg6 27. Qd3 Qf7 28. Bd2 Rc8 29. Rc1 Rf8 30. Rf1 Qf3 31. Qxf3 Rxf3 32. Be3 Rxh3 33. Kg2 Rh2+ 34. Kf3 a5 35. Rc1 Rh3+ 36. Ke4 Rh4 37. f4 Bf6 38. Rc6 Be7 39. Rc8+ Kh7 40. Re8 Bf6 41. Re6 Rxg4 42. Rxd6 Kg8 43. Ra6 Rh4 44. d6 Kf7 45. Kd5 Rh5+ 46. Kc6 a4 47. bxa4 bxa4 48. Rxa4 Rh2 49. a3 Ke6 50. Re4+ Kf5 51. Re8 Rc2+ 52. Bc5 g5 53. d7 Kg4 54. fxg5 Bxg5 55. a4 Bf6 56. a5 g5 57. a6 Ra2 58. a7 Kh5 59. a8Q 1-0

[Event "CFriend AC-2003-Q-00012 email"]
[Site "Chessfriend.com"]
[Date "2003.07.01"]
[Round "?"]
[White "Morozova, Olga"]
[Black "Kiriakov, Petr"]
[Result "1-0"]
[WhiteElo "2000"]
[BlackElo "2553"]
[PlyCount "21"]
[EventDate "2003.07.01"]
[EventType "tourn (corr)"]
[EventRounds "10"]
[SourceTitle "Corr 2008"]
[Source "ChessBase"]
[SourceDate "2008.06.24"]
[SourceVersion "1"]
[SourceVersionDate "2008.06.24"]
[SourceQuality "1"]

1. d4 Nf6 2. c4 e6 3. Nc3 Bb4 4. Bg5 c5 5. dxc5 h6 6. Bd2 Nc6 7. a3 Bxc5 8. b4 Be7 9. e4 0-0 10. Bf4 d6 11. Nf3 1-0

[Event "CFriend AC-2003-Q-00012 email"]
[Site "Chessfriend.com"]
[Date "2003.07.01"]
[Round "1"]
[White "Morozova, Olga"]
[Black "Raugstad, Oddvar"]
[Result "1-0"]
[WhiteElo "2014"]
[BlackElo "1356"]
[PlyCount "125"]
[EventDate "2003.07.01"]
[EventType "tourn (corr)"]
[EventRounds "10"]
[SourceTitle "Corr 2024"]
[Source "ChessBase"]
[SourceDate "2023.10.19"]
[SourceVersion "1"]
[SourceVersionDate "2023.10.19"]
[SourceQuality "1"]

1. c4 e5 2. Nc3 d6 3. Nf3 f5 4. d4 e4 5. Ng1 Nf6 6. Bg5 Be7 7. e3 0-0 8. Nh3 h6 9. Bxf6 Bxf6 10. Nf4 c5 11. Nfd5 Be6 12. Nxf6+ Qxf6 13. Be2 Bf7 14. 0-0 Nc6 15. Nd5 Qg5 16. f4 exf3 17. Bxf3 Rae8 18. Rf2 Bxd5 19. Bxd5+ Kh8 20. dxc5 dxc5 21. Bxc6 bxc6 22. Qf3 Qxe3 23. Qxc6 Re4 24. Qd6 Rf6 25. Qd8+ Kh7 26. b3 Rd4 27. Qa5 Re6 28. Raf1 Rd7 29. h3 g6 30. Qa3 Re4 31. Kh1 Qd4 32. Qb2 Qe3 33. Qa3 Qd4 34. Qb2 Qe3 35. Kh2 a6 36. Qf6 Re6 37. Rf3 Qe4 38. Qc3 Rd4 39. Kg1 Re8 40. Rf4 Qe5 41. Rxd4 cxd4 42. Qf3 Qc5 43. Rd1 Re4 44. Rd3 Qe7 45. Kf2 a5 46. Qd1 Rf4+ 47. Kg1 Re4 48. Kf1 Rf4+ 49. Rf3 Re4 50. Qd2 Qd8 51. Rd3 Qb6 52. g3 Kg7 53. Kg2 a4 54. Rf3 Qc5 55. h4 Qe5 56. Kf2 axb3 57. axb3 Qc5 58. Rd3 f4 59. gxf4 Qh5 60. Kf1 g5 61. Rg3 Qxh4 62. Kg2 g4 63. b4 1-0